000 00805nas a2200277 4500
001 BR2015007244
003 BR-BrBNA
005 20231205130008.0
007 ta
008 230509b bl.|||p| |||| 00| 00por d
040 _aBR-BrBNA
_bpor
_cBiblioteca Nacional de Agricultura
041 _a(En)
072 _aF03
100 1 _aFaria, G. de
100 1 _aGuimarães, R.M.
100 1 _aCarvalho, E.R.
100 1 _aPereira, D. de S.
245 1 _aMethods for the assessment of isoenzymes activity in sunflower seeds
650 _aSEMENTE
650 _aDETERIORACAO
650 _aENZIMA
650 _aGIRASSOL
773 0 _tJournal of Seed Science (Brazil)
_xISSN 2317-1537
_g(Sep 2015), v. 37(3) p. 211-217
_wBR2015007244
909 _a202311
_bLúcia
_c55
_dLúcia Elande
942 _2AGRIS
_n0
_cANA
999 _c247336
_d247336